| 000 | 00427pab a2200169 454500 | ||
|---|---|---|---|
| 008 | 180718b2005 xxu||||| |||| 00| 0 eng d | ||
| 100 | _aVijay Kumar | ||
| 245 | _aFrench referendum: fateful implication for integration of Europe | ||
| 260 | _c2005 | ||
| 300 | _ap.7. | ||
| 362 | _a11 Jun | ||
| 650 | _aReferendum - France | ||
| 650 | _aElections - France | ||
| 650 | _aElections | ||
| 773 | _aMainstream | ||
| 909 | _a65700 | ||
| 999 |
_c65700 _d65700 |
||